00439 2200157 4500245006100000020002200061250001000083100001700093005001900110260003700129041001400166084000800180500004300188490004100231336000900272 aWORLD HERITAGE NATURE&CULTURE VOL.03cAGUS SANTOSOhText a978-979-15107-3-8 aCet.1 aAGUS SANTOSO a20240828085545 aJakartabBATARA PUBLISHINGc2009 aIndonesia a959 aDaftar Isi : Asia tengah, Asia selatan aWORLD HERITAGE NATURE&CULTURE VOL.03 atext